000 00607nam a22001932 4500
001 0000003516
005 20151217155823.0
008 070509s xx 000 0 eng d
040 _aKABU
_cKABU
050 0 _aLA1561
_b.R44
245 1 0 _aReform Agenda for Education Sector in Kenya :
_bSetting Beacons for Policy and Legislative framework.
260 _aNairobi :
_bCEF,
_c2003.
300 _a114 p.
650 0 _aEducation and state
_zKenya.
_@0000152935
650 0 _aEducation Change
_zKenya.
_@0000153493
908 _a070509
950 _@1
999 _c12873
_d12873